Joueurs de l'Olympique de Marseille en 2025 - Statistiques

Statistiques générales
  • Ce quiz a été pris 412 fois
  • Le résultat moyen est 19 sur 25
Statistiques - réponses
Indice Réponse % Correct
1 Gardien Rulli
98%
97 Attaquant Aubameyang
95%
28 Défenseur Pavard
95%
5 Défenseur Balerdi
93%
10 Attaquant Greenwood
90%
9 Attaquant Gouiri
83%
62 Défenseur Murillo
82%
21 Défenseur Aguerd
81%
14 Attaquant Paixao
78%
34 Attaquant Vaz
78%
12 Gardien De Lange
77%
32 Défenseur Medina
74%
22 Attaquant Weah
73%
17 Milieu O'Riley
72%
8 Milieu Gomes
70%
19 Milieu Kondogbia
69%
26 Milieu Nadir
69%
23 Milieu Hojbjerg
68%
4 Défenseur Egan Riley
66%
33 Défenseur Emerson
66%
6 Défenseur Garcia
66%
18 Milieu Vermeeren
59%
7 Attaquant Maupay
57%
29 Défenseur Lirola
48%
20 Attaquant Traore
45%
Aucun quiz correspondant
Distribution des résultats
% des personnes avec chaque résultat
Percentile par nombre de réponses
Votre historique - résultats
Vous n’avez pas pris ce quiz